Catálogo
 En Linea

Poesías escogidas / (Registro nro. 30069)

Detalles MARC
000 -CABECERA
campo de control de longitud fija 00691nam a2200193 a 4500
001 - NÚMERO DE CONTROL
campo de control 000030577
005 - FECHA Y HORA DE LA ÚLTIMA TRANSACCIÓN
campo de control 20240412074254.0
008 - DATOS DE LONGITUD FIJA--INFORMACIÓN GENERAL
campo de control de longitud fija 110524s1960 dr r 000 p spa d
040 ## - FUENTE DE LA CATALOGACIÓN
Centro catalogador/agencia de origen DO-SdBNP
Lengua de catalogación spa
Centro/agencia transcriptor BNPHU
082 ## - NÚMERO DE LA CLASIFICACIÓN DECIMAL DEWEY
Número de clasificación RD863.3
Número de documento/Ítem U75p
100 1# - ENTRADA PRINCIPAL--NOMBRE DE PERSONA
Nombre de persona Ureña de Henríquez, Salomé ,
Fechas asociadas al nombre 1850-1897
9 (RLIN) 920
245 10 - MENCIÓN DE TÍTULO
Título Poesías escogidas /
Mención de responsabilidad, etc. Salomé Ureña de Henríquez.
260 ## - PUBLICACIÓN, DISTRIBUCIÓN, ETC.
Lugar de publicación, distribución, etc. Ciudad Trujillo, República Dominicana :
Nombre del editor, distribuidor, etc. Librería Dominicana,
Fecha de publicación, distribución, etc. 1960.
300 ## - DESCRIPCIÓN FÍSICA
Extensión 188 p. ;
Dimensiones 18 cm.
500 ## - NOTA GENERAL
Nota general Incluye notas al pie de las páginas.
500 ## - NOTA GENERAL
Nota general Incluye biografía de la autora por Pedro Henríquez Ureña.
650 #0 - PUNTO DE ACCESO ADICIONAL DE MATERIA--TÉRMINO DE MATERIA
Término de materia o nombre geográfico como elemento de entrada Poesía dominicana
9 (RLIN) 66
650 #0 - PUNTO DE ACCESO ADICIONAL DE MATERIA--TÉRMINO DE MATERIA
Término de materia o nombre geográfico como elemento de entrada Literatura dominicana.
9 (RLIN) 67
Existencias
Estado de retiro Estado de pérdida No para préstamo Código de colección Localización permanente Ubicación/localización actual Ubicación en estantería Fecha de adquisición Número de inventario Total de préstamos Signatura topográfica completa Código de barras Fecha visto por última vez Número de copia Precio válido a partir de Tipo de ítem Koha Nota pública Restricciones de uso
    Excluido de préstamo Patrimonio Dominicano Patrimonio Dominicano Patrimonio Dominicano Depósito 27.06.2019 LF1   RD863.3 U75p 30577-20 25.06.2020 e.2 25.06.2020 Libro y Folleto Colección Patrimonio Dominicano Perteneció a la biblioteca personal de Martínez Boog.  
    Excluido de préstamo Raros y valiosos Patrimonio Dominicano Patrimonio Dominicano Depósito 24.05.2011 LF1   RD863.3 U75p 30577-10 25.06.2020   25.06.2020 No se presta Perteneció a la biblioteca personal de Martínez Boog.  

Con tecnología Koha